Uncharted: Drake's Fortune All Treasures - Statistics

General Stats
  • This quiz has been taken 8 times
  • The average score is 9 of 59
Answer Stats
Chapter Treausure % Correct
The Fortress Strange Relic
88%
Golden Cup and Cover
25%
Golden Skull
25%
Treasure Vault Silver Cup and Cover
25%
Silver Ingot
25%
Silver Llama
25%
Silver Skull
25%
Decorated Gold Ring
13%
The Drowned City Decorated Silver Ring
13%
Gold and Ruby Inca Mask
13%
Gold and Turquoise Inca Earring
13%
Gold Coatimundi
13%
Golden Bird Vessel
13%
Golden Inca Cup
13%
Golden Inca Mask
13%
Going Underground Golden Inca Vessel
13%
Golden Jaguar
13%
Unwelcome Guests Golden Seadragon Pendant
13%
Gold and Bones Golden Skull Rosary
13%
Golden Spanish Goblet
13%
Golden Spoon
13%
Golden Toothpick
13%
Sanctuary? Golden Turtle
13%
Gold Frog
13%
On the Trail of the Treasure Gold Inca Figurine
13%
Gold Llama
13%
The Bunker Gold Monkey Figurine
13%
Gold Mosaic Inca Earring
13%
Gold Snuff Box
13%
Gold Spanish Chalice
13%
A Surprising Find Gold Tairona Pendant
13%
Intricate Gold Ring
13%
The Customs House Jeweled Golden Brooch
13%
Jeweled Golden Cross
13%
Jeweled Silver Brooch
13%
Jeweled Silver Cross
13%
Jeweled Silver Monkey
13%
Patterned Silver Ring
13%
Sapphire and Silver Mask
13%
Sillver Turtle
13%
Silver Belt Buckle
13%
Silver Bird Vessel
13%
Silver Coatimundi
13%
Silver Fish Charm
13%
Silver Frog
13%
Silver Inca Cup
13%
Silver Inca Earring
13%
Plane Wrecked Silver Inca Figurine
13%
Unlocking the Past Silver Inca Mask
13%
Silver Inca Vessel
13%
Silver Jaguar
13%
The Search For El Dorado Silver Mosaic Inca Earring
13%
Silver Snuff Box
13%
Silver Spanish Chalice
13%
Silver Spanish Goblet
13%
Silver Tairona Pendant
13%
Silver Toothpick
13%
Trapped Spanish Gold Coin
13%
Spanish Silver Coin
13%
No matching quizzes found
Score Distribution
Percent of People with Each Score
Percentile by Number Answered
Your Score History
You have not taken this quiz